Normal view
MARC view
Entry Corporate Name
001 - CONTROL NUMBER
- control field: 62972
003 - CONTROL NUMBER IDENTIFIER
- control field: dpl
005 - DATE AND TIME OF LATEST TRANSACTION
- control field: 20240307165941.0
008 - FIXED-LENGTH DATA ELEMENTS
- fixed length control field: 240307|| aca||aabn | a|a d
040 ## - CATALOGING SOURCE
- Original cataloging agency: dpl
- Transcribing agency: dpl
110 ## - HEADING--CORPORATE NAME
- Corporate name or jurisdiction name as entry element: माधव हांडा
670 ## - SOURCE DATA FOUND
- Source citation: Work cat.: (dpl)201309: कालजयी कवि और उनका काव्य लालन शाह फ़क़ीर/, 2024
